<?xml version="1.0" encoding="UTF-8"?>
<marc:record xmlns:marc="http://www.loc.gov/MARC21/slim">
   <marc:leader>00000nam a2200000 a 4500</marc:leader>
   <marc:datafield ind1="1" ind2=" " tag="100">
      <marc:subfield code="a">Harris, Nicholas</marc:subfield>
      <marc:subfield code="4">ctb</marc:subfield>
      <marc:subfield code="e">Mitwirkende/-r</marc:subfield>
   </marc:datafield>
   <marc:datafield ind1="1" ind2=" " tag="100">
      <marc:subfield code="a">Dennis, Peter</marc:subfield>
      <marc:subfield code="4">ctb</marc:subfield>
      <marc:subfield code="e">Mitwirkende/-r</marc:subfield>
   </marc:datafield>
   <marc:datafield ind1="1" ind2=" " tag="100">
      <marc:subfield code="a">Panzacchi, Cornelia</marc:subfield>
      <marc:subfield code="4">trl</marc:subfield>
      <marc:subfield code="e">Übersetzer/-in</marc:subfield>
   </marc:datafield>
   <marc:datafield ind1=" " ind2=" " tag="653">
      <marc:subfield code="a">Seeräuber</marc:subfield>
   </marc:datafield>
   <marc:datafield ind1=" " ind2=" " tag="653">
      <marc:subfield code="a">Kindersachbuch</marc:subfield>
   </marc:datafield>
   <marc:datafield ind1="0" ind2="0" tag="245">
      <marc:subfield code="a">Mein Abenteuerhandbuch Angriff der Piraten</marc:subfield>
   </marc:datafield>
   <marc:datafield ind1="0" ind2="0" tag="245">
      <marc:subfield code="b">mit großem Segelschiff zum Selberbasteln</marc:subfield>
   </marc:datafield>
   <marc:datafield ind1="0" ind2="0" tag="245">
      <marc:subfield code="c">Text: Nicholas Harris. Übers.: Cornelia Panzacchi. Innenill.: Peter Dennis ...</marc:subfield>
   </marc:datafield>
   <marc:datafield ind1=" " ind2="1" tag="264">
      <marc:subfield code="a">München</marc:subfield>
      <marc:subfield code="b">cbj</marc:subfield>
      <marc:subfield code="c">2011</marc:subfield>
   </marc:datafield>
   <marc:datafield ind1=" " ind2=" " tag="250">
      <marc:subfield code="a">1. Aufl.</marc:subfield>
   </marc:datafield>
   <marc:datafield ind1="1" ind2=" " tag="520">
      <marc:subfield code="a">Angaben aus der Verlagsmeldung

Mein Abenteuerhandbuch - Angriff der Piraten : Band 3 Mission Files 3 - Defeat the Pirates / von Nicholas Harris

Aufschlagen, entdecken, staunen – und schon beginnt das eigene Abenteuer

Schiff ahoi! Die spanische Silberflotte sticht in See – und ein faszinierendes Abenteuer beginnt. Denn die prächtigen Galeonen haben Gold, Silber und andere Schätze an Bord. Größte Gefahr: Ein räuberischer Angriff von Piraten und Freibeutern ... Doch mit diesem interaktiven Handbuch lässt sich jeder Beutezug souverän abwehren! Es verrät nicht nur alles über die Angriffstaktik der Piraten, sondern zeigt in detailgenauen Illustrationen, was man beim Bau einer Galeone beachten muss. Mit den strategischen Tipps zu Routenplanung, der Auswahl der Crew und dem Leben an Bord kann bei der eigenen Mission gar nichts mehr schiefgehen ...

</marc:subfield>
   </marc:datafield>
   <marc:datafield ind1=" " ind2=" " tag="020">
      <marc:subfield code="a">9783570137888</marc:subfield>
      <marc:subfield code="9">9783570137888</marc:subfield>
   </marc:datafield>
   <marc:datafield ind1=" " ind2=" " tag="041">
      <marc:subfield code="a">ger</marc:subfield>
   </marc:datafield>
   <marc:datafield ind1=" " ind2=" " tag="300">
      <marc:subfield code="a">ca. 54] S.</marc:subfield>
   </marc:datafield>
</marc:record>
